000 00640nam a2200217 a 4500
005 20210223124942.0
008 030520s1996 es r 000 0 spa d
020 _a8470438565
035 _aUPN01000124409
049 _aCG
050 4 _aPN1972
_bA5.3 1996
100 1 _aAntequera, Mercedes
245 1 0 _aEducar y enseñar con títeres /
_cMercedes Antequera, Alfonso Cáceres.
250 _a2a ed.
260 _aMadrid :
_bCCS,
_c1996.
300 _a190 p. :
_bil.
440 0 _aMateriales para educadores :
_v11
650 4 _aTITERES Y TEATRO DE TITERES EN EDUCACION
_99365
700 1 _aCáceres, Alfonso,
_ecoaut.
905 _aLibro
999 _c96588
_d96588